[Event "7th Sharjah Masters 2024"]
[Site "Sharjah UAE"]
[Date "2024.05.14"]
[Round "1.23"]
[White "Nguyen, Thai Dai Van"]
[Black "Pranav, Anand"]
[Result "1-0"]
[WhiteTitle "GM"]
[BlackTitle "GM"]
[WhiteElo "2650"]
[BlackElo "2532"]
[WhiteFideId "358878"]
[BlackFideId "46626786"]
[EventDate "2024.05.14"]

1. c4 e6 2. Nc3 d5 3. d4 Nf6 4. cxd5 exd5 5. Bg5 Be7 6. e3 h6 7. Bh4 Bg4 8. Qc2
O-O 9. h3 Be6 10. Rd1 Ne8 11. Bxe7 Qxe7 12. Bd3 Nd6 13. Nge2 Nd7 14. O-O c6 15.
f3 f5 16. Rde1 Rae8 17. Nf4 Qf6 18. Qf2 Bf7 19. Bc2 a5 20. b3 b5 21. Qd2 g5 22.
Nfe2 Bg6 23. Nd1 Qd8 24. Nf2 Re6 25. Nd3 Kh7 26. Nc5 Re7 27. Nxd7 Rxd7 28. Nc1
Re7 29. Nd3 Nf7 30. Bb1 b4 31. f4 Qd6 32. Rc1 Qe6 33. Ne5 Nxe5 34. fxe5 Rg7 35.
Rc5 f4 36. Bxg6+ Qxg6 37. Qc2 Qxc2 38. Rxc2 Rgf7 39. e6 Rf6 40. Rxc6 Re8 41.
exf4 gxf4 42. Re1 f3 43. Re5 fxg2 44. Rc7+ Kg6 45. e7 Rf5 46. Rc6+ Kg5 47. Re2
Rf4 48. Re5+ Rf5 49. Re2 Rf4 50. Rd6 Rf7 51. Rxd5+ Kh4 52. Rde5 Kxh3 53. R5e3+
Kh4 54. Kxg2 Rf5 55. Re5 Rf4 56. R5e4 1-0

[Event "7th Sharjah Masters 2024"]
[Site "Sharjah UAE"]
[Date "2024.05.14"]
[Round "1.24"]
[White "Kacharava, Nikolozi"]
[Black "Yilmaz, Mustafa"]
[Result "1-0"]
[WhiteTitle "GM"]
[BlackTitle "GM"]
[WhiteElo "2527"]
[BlackElo "2641"]
[WhiteFideId "13611860"]
[BlackFideId "6302718"]
[EventDate "2024.05.14"]

1. e4 c5 2. Nf3 d6 3. d4 cxd4 4. Nxd4 Nf6 5. Nc3 a6 6. Rg1 b5 7. a4 b4 8. Nd5 e6
9. Nxf6+ Qxf6 10. Be3 Bb7 11. Qd2 Bxe4 12. O-O-O Qd8 13. Bg5 Be7 14. Bxe7 Qxe7
15. f3 Bg6 16. h4 Qxh4 17. f4 Be4 18. g4 Nd7 19. Bg2 Bxg2 20. Rxg2 Rc8 21. Nf5
exf5 22. Qxd6 Qe7 23. Re2 Rxc2+ 24. Rxc2 Qxd6 25. Rxd6 Ke7 26. Rxa6 Rb8 27. gxf5
Rb7 28. a5 b3 29. Re2+ Kd8 30. Ra8+ Kc7 31. Re7 1-0

[Event "7th Sharjah Masters 2024"]
[Site "Sharjah UAE"]
[Date "2024.05.14"]
[Round "1.25"]
[White "Mendonca, Leon Luke"]
[Black "Krzyzanowski, Marcin"]
[Result "0-1"]
[WhiteTitle "GM"]
[BlackTitle "GM"]
[WhiteElo "2640"]
[BlackElo "2526"]
[WhiteFideId "35028561"]
[BlackFideId "1132199"]
[EventDate "2024.05.14"]

1. e4 c5 2. Nf3 d6 3. d4 cxd4 4. Nxd4 Nf6 5. Nc3 a6 6. Be2 e5 7. Nb3 Be7 8. O-O
O-O 9. Re1 Be6 10. Bf3 Qc7 11. a4 Rc8 12. Be3 Nbd7 13. a5 h6 14. h3 Bf8 15. Nd2
Qc6 16. Ndb1 Be7 17. b3 Bd8 18. Ra2 b6 19. axb6 Nxb6 20. Re2 a5 21. Rd2 Be7 22.
Qe2 Nbd7 23. Qb5 Qc7 24. Na4 Rab8 25. Qa6 Bc4 26. Qxc4 Qxc4 27. bxc4 Rxb1+ 28.
Kh2 Rxc4 29. Nb2 Rc8 30. c3 Nc5 31. Bxc5 Rxc5 32. Nd3 Rxc3 33. Rxa5 d5 34. Ra4
Bd6 35. Nb2 Ra3 36. Rxa3 Bxa3 37. Nd1 Bb4 38. Rc2 dxe4 39. Be2 Bd6 40. Ne3 Rb8
41. g4 Rd8 42. Kg2 g6 43. Rc6 Kg7 44. h4 Bb8 45. Ra6 Nd5 46. Bc4 Nf4+ 47. Kg3
Rd7 48. g5 h5 49. Ra5 Bd6 50. Bd5 Bb4 51. Rb5 Be1 52. Bxe4 Rd2 53. Rxe5 Rxf2 54.
Re8 Ne2+ 55. Kh3 Ng1+ 56. Kg3 Re2+ 57. Kf4 Bxh4 58. Nd5 Nh3+ 59. Kf3 Rf2+ 60.
Ke3 Bxg5+ 61. Kd4 h4 62. Rb8 Rd2+ 63. Kc3 Nf2 0-1

[Event "7th Sharjah Masters 2024"]
[Site "Sharjah UAE"]
[Date "2024.05.14"]
[Round "1.26"]
[White "Nikitenko, Mihail"]
[Black "Sargsyan, Shant"]
[Result "1/2-1/2"]
[WhiteTitle "GM"]
[BlackTitle "GM"]
[WhiteElo "2529"]
[BlackElo "2637"]
[WhiteFideId "13506862"]
[BlackFideId "13306766"]
[EventDate "2024.05.14"]

1. e4 c5 2. Nf3 d6 3. d4 cxd4 4. Nxd4 Nf6 5. Nc3 a6 6. Bg5 e6 7. f4 h6 8. Bh4
Qb6 9. a3 Nc6 10. Bf2 Qc7 11. Qf3 e5 12. Nxc6 bxc6 13. Bc4 exf4 14. Qxf4 Be7 15.
O-O O-O 16. Bd4 Be6 17. Bxe6 fxe6 18. e5 dxe5 19. Bxe5 Qb6+ 20. Kh1 Nd7 21. Qg4
Nxe5 22. Qxe6+ Kh8 23. Qxe7 Ng6 24. Qb4 Qxb4 25. axb4 Rxf1+ 26. Rxf1 Rb8 27. b3
Rxb4 28. Rd1 Kg8 29. Kg1 Ne7 30. Kf2 Rh4 31. h3 Rh5 32. Ne4 Nd5 33. c4 Rf5+ 34.
Kg3 Nb4 35. h4 a5 36. Kg4 Rf8 37. Rd2 Kh7 38. h5 Rf7 39. Nc5 g6 40. hxg6+ Kxg6
41. Rd6+ Kg7 42. Rd7 Rxd7 43. Nxd7 Kf7 44. Nc5 Ke7 45. Kf5 Nc2 46. Ke5 h5 47. g3
Na1 48. Kd4 Nc2+ 49. Kd3 Nb4+ 50. Kc3 Kd6 51. Nb7+ Kc7 52. Nc5 Kd6 53. Nb7+ Kc7
54. Nc5 1/2-1/2

[Event "7th Sharjah Masters 2024"]
[Site "Sharjah UAE"]
[Date "2024.05.14"]
[Round "1.27"]
[White "Mishra, Abhimanyu"]
[Black "Raja, Rithvik R"]
[Result "1-0"]
[WhiteTitle "GM"]
[BlackTitle "GM"]
[WhiteElo "2634"]
[BlackElo "2524"]
[WhiteFideId "30920019"]
[BlackFideId "35007394"]
[EventDate "2024.05.14"]

1. e4 c5 2. Nf3 e6 3. d4 cxd4 4. Nxd4 Nf6 5. Nc3 Nc6 6. Bf4 Bb4 7. Nb5 Nxe4 8.
Qf3 d5 9. Nc7+ Kf8 10. Nxa8 e5 11. Bd2 Nd4 12. Qd3 Nc5 13. Qg3 Nxc2+ 14. Kd1
Nxa1 15. Qxe5 Ne4 16. Be1 Bd6 17. Qxd5 Nxc3+ 18. Bxc3 Be6 19. Qd4 Ke7 20. Kc1
Bxa2 21. Bc4 Nb3+ 22. Bxb3 Bxb3 23. Re1+ Kd7 24. Qg4+ Be6 25. Rxe6 fxe6 26.
Qxg7+ Kc6 27. Qxh8 Qxh8 28. Bxh8 b5 1-0

[Event "7th Sharjah Masters 2024"]
[Site "Sharjah UAE"]
[Date "2024.05.14"]
[Round "1.29"]
[White "Puranik, Abhimanyu"]
[Black "Adhiban, Baskaran"]
[Result "1/2-1/2"]
[WhiteTitle "GM"]
[BlackTitle "GM"]
[WhiteElo "2631"]
[BlackElo "2523"]
[WhiteFideId "5061245"]
[BlackFideId "5018471"]
[EventDate "2024.05.14"]

1. Nf3 d5 2. g3 Nf6 3. Bg2 e6 4. O-O Be7 5. c4 O-O 6. d4 c6 7. Qc2 b6 8. Nbd2 c5
9. e4 Bb7 10. exd5 exd5 11. dxc5 bxc5 12. cxd5 Bxd5 13. Rd1 Nc6 14. Nf1 Qc8 15.
Bf4 Re8 16. Rd2 h6 17. Ne3 Bxf3 18. Bxf3 g5 19. Bxc6 gxf4 20. Bxe8 fxe3 21. Re2
Nxe8 22. Rxe3 Bf6 23. Rae1 Ng7 24. Rf3 Qc6 25. Rf4 Bg5 26. Rfe4 Rc8 27. b3 Nf5
28. h4 Bf6 29. Rg4+ Ng7 30. Qc4 Bd4 31. Rf4 Ne6 32. Rf5 Rd8 33. Kh2 Bg7 34. Qe4 1/2-1/2

[Event "7th Sharjah Masters 2024"]
[Site "Sharjah UAE"]
[Date "2024.05.14"]
[Round "1.30"]
[White "Klimkowski, Jan"]
[Black "Salem, A.R. Saleh"]
[Result "0-1"]
[WhiteTitle "IM"]
[BlackTitle "GM"]
[WhiteElo "2518"]
[BlackElo "2629"]
[WhiteFideId "21856222"]
[BlackFideId "9301348"]
[EventDate "2024.05.14"]

1. e4 e5 2. Nf3 Nc6 3. Bb5 a6 4. Ba4 d6 5. O-O Bd7 6. c3 Nf6 7. Re1 g6 8. d4 Bg7
9. Nbd2 O-O 10. Nf1 exd4 11. cxd4 b5 12. Bc2 Bg4 13. Be3 Nd7 14. Ng3 Bxf3 15.
gxf3 Qf6 16. d5 Nce5 17. f4 Nc4 18. Rb1 Nxb2 19. Qg4 Qd8 20. Kh1 Nc4 21. Rg1 Re8
22. Nf5 Nxe3 23. fxe3 Nc5 24. Qg2 Rb8 25. Nd4 Rb6 26. Rbc1 b4 27. Nc6 Qd7 28. f5
Rxc6 29. dxc6 Qxc6 30. Rgf1 Qd7 31. Rf4 Re5 32. Rcf1 Qe8 33. fxg6 fxg6 34. Qe2
Kh8 35. Qc4 Ne6 36. R4f2 a5 37. Bb3 Qa8 38. Bc2 Nc5 39. Rf4 Bh6 40. Rg4 Qe8 41.
Qf7 Re7 42. Qxe8+ Rxe8 43. Rf7 Bxe3 44. Rh4 h6 45. Rh3 Bg5 46. Rxc7 Ne6 47. Rc6
Nd4 48. Rc4 Nxc2 49. Rxc2 Rxe4 50. Rd3 Bf4 51. Kg2 Re7 52. Rd5 Ra7 53. Kf3 Be5
54. Rb5 Kg7 55. Ke4 h5 56. Kd5 g5 57. Ke6 g4 58. Rf2 Kg6 59. Rd2 Ra8 60. Ke7 h4
61. Rbd5 Kf5 62. Rf2+ Ke4 63. Rd1 Ke3 64. Rg2 g3 65. hxg3 hxg3 66. Ke6 Rh8 0-1

[Event "7th Sharjah Masters 2024"]
[Site "Sharjah UAE"]
[Date "2024.05.14"]
[Round "1.31"]
[White "Banusz, Tamas"]
[Black "Zemlyanskii, Ivan"]
[Result "1/2-1/2"]
[WhiteTitle "GM"]
[BlackTitle "FM"]
[WhiteElo "2623"]
[BlackElo "2516"]
[WhiteFideId "722413"]
[BlackFideId "24249971"]
[EventDate "2024.05.14"]

1. Nf3 Nf6 2. d4 g6 3. Nbd2 d5 4. e3 Bg7 5. c4 O-O 6. b4 a5 7. b5 c5 8. dxc5
dxc4 9. Bb2 Nbd7 10. Bxc4 Nxc5 11. O-O Bg4 12. h3 Bxf3 13. Nxf3 Nfe4 14. Bxg7
Qxd1 15. Rfxd1 Kxg7 16. Rac1 Rac8 17. Bf1 Nd6 18. Ne5 Na4 19. Rxc8 Rxc8 20. Rd4
Nb6 21. Rd2 Rc1 22. Nd3 Rb1 23. Rb2 Rd1 24. Rc2 Nd5 25. g4 b6 26. Kg2 Nxb5 27.
Rb2 Nbc3 28. Ne5 Rb1 29. Rd2 Rb4 30. Rc2 f6 31. Nc6 Re4 32. Nd4 e5 33. Ne6+ Kf7
34. Nc7 Ke7 35. Nxd5+ Nxd5 36. Rc6 Kd7 37. Bb5 Nc7 38. Rxb6+ Nxb5 39. Rxb5 Ra4
40. Rb7+ Ke6 41. Rxh7 g5 42. Ra7 e4 43. Rb7 Rxa2 44. Rb6+ Ke5 45. Rb5+ Kd6 46.
Rb6+ Ke5 47. Rb5+ Ke6 48. Rb6+ Ke5 49. Rb5+ 1/2-1/2

[Event "7th Sharjah Masters 2024"]
[Site "Sharjah UAE"]
[Date "2024.05.14"]
[Round "1.32"]
[White "Avila Pavas, Santiago"]
[Black "Suleymanli, Aydin"]
[Result "1/2-1/2"]
[WhiteTitle "GM"]
[BlackTitle "GM"]
[WhiteElo "2516"]
[BlackElo "2621"]
[WhiteFideId "4437128"]
[BlackFideId "13413937"]
[EventDate "2024.05.14"]

1. e4 e5 2. Nf3 Nc6 3. d4 exd4 4. Nxd4 Nf6 5. Nc3 Bb4 6. Nxc6 bxc6 7. Bd3 d5 8.
exd5 O-O 9. O-O cxd5 10. h3 c6 11. Qf3 Bd6 12. Bf4 Qc7 13. Ne2 Re8 14. Rae1 Bd7
15. c4 Rab8 16. b3 Bxf4 17. Nxf4 Qa5 18. Rxe8+ Rxe8 19. cxd5 cxd5 20. Nh5 Nxh5
21. Qxh5 g6 22. Qf3 Be6 23. Qe2 Qc3 24. Rd1 Rc8 25. h4 a5 26. h5 Qf6 27. Qd2 Qc3
28. Qg5 Qd4 29. Be2 Qb2 30. Bf3 Qxa2 31. Bxd5 Qc2 32. Rd2 Qc1+ 33. Kh2 Qc5 34.
f4 Qd6 35. Bxe6 Qxe6 36. Qxa5 Qf6 37. Qg5 Qxg5 38. fxg5 gxh5 39. b4 Rb8 40. Rb2
Rb5 41. Kg3 Kf8 42. Kh4 Kg7 43. g4 hxg4 44. Kxg4 f6 45. gxf6+ 1/2-1/2

[Event "7th Sharjah Masters 2024"]
[Site "Sharjah UAE"]
[Date "2024.05.14"]
[Round "1.35"]
[White "Yuffa, Daniil"]
[Black "Madaminov, Mukhiddin"]
[Result "1/2-1/2"]
[WhiteTitle "GM"]
[BlackTitle "IM"]
[WhiteElo "2617"]
[BlackElo "2506"]
[WhiteFideId "24131423"]
[BlackFideId "14210703"]
[EventDate "2024.05.14"]

1. c4 e6 2. Nc3 d5 3. d4 Nf6 4. cxd5 exd5 5. Bg5 c6 6. e3 h6 7. Bh4 Be7 8. Bd3
O-O 9. Nge2 Re8 10. O-O a5 11. Rc1 Nbd7 12. Bg3 Nf8 13. h3 Ne6 14. Be5 Nd7 15.
Bh2 b6 16. a3 Bb7 17. Bb1 Rc8 18. Ng3 g6 19. f4 Nef8 20. e4 dxe4 21. f5 Ba6 22.
fxg6 fxg6 23. Ba2+ Kh8 24. Rf7 Nh7 25. Ngxe4 Ng5 26. Rxe7 Qxe7 27. Nd6 Qe3+ 28.
Kh1 Nf6 29. Qg1 Qd2 30. Bb1 Kh7 31. Nxe8 Rxe8 32. Be5 Nh5 33. Rc2 Qd3 34. Re2
Qc4 35. Ba2 Qd3 36. Bb1 Qc4 37. Qe1 Rf8 38. Rf2 Rxf2 39. Qxf2 Qe6 40. Ba2 Bc4
41. Bxc4 Qxc4 42. d5 Kg8 43. Qxb6 Qf1+ 44. Kh2 Nf7 45. dxc6 Qf5 46. Qb8+ Kh7 47.
Bg3 Nxg3 48. Qxg3 Qc5 49. Qf4 Kg7 50. c7 Nd6 51. Na4 Qxc7 52. Qe5+ Kf7 53. Nc5
Qe7 54. Qd5+ Kg7 55. Ne6+ Kh7 56. b4 a4 57. Nd4 Qf6 58. Ne6 Qe7 59. Nf4 Qf6 60.
Nd3 h5 61. b5 Nf5 62. Ne5 Ne3 63. Qd7+ Kh6 64. Nf7+ Kg7 65. Ne5+ Kh6 66. Nf7+
Kg7 67. Ng5+ Kh6 68. Nf7+ Kg7 1/2-1/2

[Event "7th Sharjah Masters 2024"]
[Site "Sharjah UAE"]
[Date "2024.05.14"]
[Round "1.36"]
[White "Dronavalli, Harika"]
[Black "Petrosyan, Manuel"]
[Result "1/2-1/2"]
[WhiteTitle "GM"]
[BlackTitle "GM"]
[WhiteElo "2504"]
[BlackElo "2618"]
[WhiteFideId "5015197"]
[BlackFideId "13300857"]
[EventDate "2024.05.14"]

1. d4 Nf6 2. c4 e6 3. Nc3 Bb4 4. Qc2 O-O 5. e4 d5 6. e5 Ne4 7. Bd3 c5 8. Nf3
cxd4 9. Nxd4 Nd7 10. Bf4 Qh4 11. g3 Qh5 12. O-O g5 13. cxd5 gxf4 14. dxe6 fxg3
15. hxg3 Nxc3 16. exd7 Bxd7 17. bxc3 Rac8 18. Qd1 Qxd1 19. Raxd1 Bxc3 20. Bf5
Rc4 21. Bxd7 Rxd4 22. Rxd4 Bxd4 23. Re1 Rd8 24. e6 fxe6 25. Bxe6+ Kg7 26. Kg2 b5
27. Bb3 Rd7 28. Rd1 a5 29. a4 bxa4 30. Bxa4 Rd6 31. f4 Bc5 32. Rxd6 Bxd6 33. Kf3
h6 34. g4 Kf6 35. g5+ 1/2-1/2

[Event "7th Sharjah Masters 2024"]
[Site "Sharjah UAE"]
[Date "2024.05.14"]
[Round "1.37"]
[White "Theodorou, Nikolas"]
[Black "Samant, Aditya S"]
[Result "1-0"]
[WhiteTitle "GM"]
[BlackTitle "GM"]
[WhiteElo "2617"]
[BlackElo "2501"]
[WhiteFideId "4262875"]
[BlackFideId "35080580"]
[EventDate "2024.05.14"]

1. d4 Nf6 2. Nf3 d5 3. Bf4 e6 4. e3 c5 5. Be2 Nc6 6. O-O Bd6 7. dxc5 Bxc5 8. c4
O-O 9. Nc3 a6 10. cxd5 exd5 11. Rc1 d4 12. Na4 Ba7 13. exd4 Nxd4 14. Nxd4 Qxd4
15. Qxd4 Bxd4 16. Bf3 Re8 17. Rfd1 Ba7 18. h3 Bd7 19. Rxd7 Nxd7 20. Bxb7 Rad8
21. Bc7 Nb8 22. Bxd8 Rxd8 23. Bf3 g6 24. Kf1 Kg7 25. Be2 a5 26. Rc7 Rd7 27. Rc8
Rd4 28. Nc3 Rf4 29. f3 Rf6 30. Nb5 Nc6 31. Nc7 Kh6 32. Ne8 Re6 33. Bc4 Re5 34.
Nd6 Rc5 35. Nxf7+ Kh5 36. Rh8 Kh4 37. Nd6 h5 38. b3 Ne7 39. Ne4 Re5 40. Re8 Bd4
41. Bf7 Nf5 42. Rxe5 Bxe5 43. Bxg6 Ne3+ 44. Kf2 Bd4 45. f4 Nc2+ 46. Ke2 Bb6 47.
f5 Nd4+ 48. Kd3 Nc6 49. Be8 Ne5+ 50. Ke2 Bd4 51. a3 Bb2 52. b4 axb4 53. axb4 Bd4
54. f6 Bb6 55. f7 Ng6 56. Bd7 Bc7 57. Bf5 Nf8 58. b5 1-0

[Event "7th Sharjah Masters 2024"]
[Site "Sharjah UAE"]
[Date "2024.05.14"]
[Round "1.39"]
[White "Aditya, Mittal"]
[Black "Cardoso Cardoso, Jose Gabriel"]
[Result "1/2-1/2"]
[WhiteTitle "GM"]
[BlackTitle "GM"]
[WhiteElo "2608"]
[BlackElo "2497"]
[WhiteFideId "35042025"]
[BlackFideId "4430492"]
[EventDate "2024.05.14"]

1. e4 c5 2. Nf3 d6 3. d4 cxd4 4. Nxd4 Nf6 5. Nc3 a6 6. Be2 e5 7. Nb3 Be7 8. h4
Be6 9. f4 exf4 10. Bxf4 d5 11. e5 Nfd7 12. Nxd5 Bxh4+ 13. g3 Be7 14. Bg4 Nc6 15.
Bxe6 fxe6 16. Qg4 exd5 17. Qxg7 Rf8 18. Rxh7 Qb6 19. Qg6+ Kd8 20. O-O-O Nb4 21.
Qxb6+ Nxb6 22. Na5 Rc8 23. c3 Nxa2+ 24. Kb1 Nxc3+ 25. bxc3 Ke8 26. Rd3 Na4 27.
Kc2 b5 28. Rh6 b4 29. Nc6 Nxc3 30. Kb3 a5 31. Nxa5 Ra8 32. Nc6 Ra3+ 33. Kb2 Ra2+
34. Kb3 Ra3+ 35. Kb2 Ra2+ 36. Kb3 1/2-1/2

[Event "7th Sharjah Masters 2024"]
[Site "Sharjah UAE"]
[Date "2024.05.14"]
[Round "1.41"]
[White "Gupta, Abhijeet"]
[Black "Assaubayeva, Bibisara"]
[Result "1/2-1/2"]
[WhiteTitle "GM"]
[BlackTitle "IM"]
[WhiteElo "2604"]
[BlackElo "2481"]
[WhiteFideId "5010608"]
[BlackFideId "13708694"]
[EventDate "2024.05.14"]

1. d4 Nf6 2. c4 e6 3. Nf3 d5 4. Nc3 h6 5. Bf4 Bd6 6. Bxd6 Qxd6 7. e3 O-O 8. Rc1
b6 9. cxd5 Nxd5 10. Nxd5 exd5 11. Bd3 Be6 12. Bb1 Qb4+ 13. Qd2 Qxd2+ 14. Kxd2
Rc8 15. Rc3 c5 16. b3 Nd7 17. Rhc1 Rd8 18. Bd3 Bg4 19. Ng1 a5 20. f3 cxd4 21.
exd4 Be6 22. Bb5 Nf6 23. Ne2 Bd7 24. Bxd7 Nxd7 25. Rc6 Rab8 26. Rd6 Nf6 27.
Rxd8+ Rxd8 28. Rc7 Kf8 29. Nc3 Rd6 30. Rb7 h5 31. g3 g5 32. Kd3 Kg7 33. Rb8 g4
34. f4 h4 35. gxh4 Nh5 36. Ne2 1/2-1/2

[Event "7th Sharjah Masters 2024"]
[Site "Sharjah UAE"]
[Date "2024.05.14"]
[Round "1.42"]
[White "Seemann, Jakub"]
[Black "Kuybokarov, Temur"]
[Result "0-1"]
[WhiteTitle "IM"]
[BlackTitle "GM"]
[WhiteElo "2475"]
[BlackElo "2602"]
[WhiteFideId "21874697"]
[BlackFideId "14203049"]
[EventDate "2024.05.14"]

1. c4 e5 2. Nc3 Nf6 3. Nf3 Nc6 4. d3 d5 5. cxd5 Nxd5 6. e4 Nxc3 7. bxc3 Bc5 8.
Be2 O-O 9. O-O Bg4 10. Nd2 Bxe2 11. Qxe2 Qe7 12. Nb3 Bb6 13. Bb2 Rad8 14. Rad1
a5 15. a4 Qe6 16. Nd2 Bc5 17. Nc4 f5 18. exf5 Qxf5 19. Bc1 Rf7 20. Be3 Bf8 21.
Qc2 b6 22. Rd2 Ne7 23. Re2 Ng6 24. d4 exd4 25. cxd4 Qd5 26. Ne5 Nxe5 27. dxe5
Bb4 28. f4 c5 29. Kh1 Qd3 30. e6 Rb7 31. Qa2 c4 32. f5 Rd5 33. h3 Re5 34. Rf3 h5
35. Qc2 b5 36. axb5 Rbxb5 37. f6 gxf6 38. Rg3+ Kh7 39. Rf2 Be1 40. Rgf3 Bxf2 41.
Qxf2 Rxe6 0-1

[Event "7th Sharjah Masters 2024"]
[Site "Sharjah UAE"]
[Date "2024.05.14"]
[Round "1.43"]
[White "Vakhidov, Jakhongir"]
[Black "Gholami Orimi, Mahdi"]
[Result "1-0"]
[WhiteTitle "GM"]
[BlackTitle "IM"]
[WhiteElo "2599"]
[BlackElo "2470"]
[WhiteFideId "14201801"]
[BlackFideId "12558486"]
[EventDate "2024.05.14"]

1. c4 e5 2. Nc3 Bb4 3. Nd5 Bc5 4. e3 c6 5. d4 exd4 6. exd4 Be7 7. Nxe7 Nxe7 8.
Bd3 d5 9. c5 Bf5 10. Ne2 O-O 11. O-O Nd7 12. Ng3 Bxd3 13. Qxd3 b6 14. Be3 Re8
15. b4 a5 16. a3 Qc7 17. Bd2 axb4 18. axb4 Qb7 19. h4 Nf8 20. h5 h6 21. Rxa8
Rxa8 22. Re1 Ne6 23. f4 Nf8 24. cxb6 Kh8 25. b5 Ng8 26. Nf5 Qxb6 27. Qg3 g6 28.
Nd6 Qxd4+ 29. Be3 Qf6 30. f5 cxb5 31. Nxf7+ Kg7 32. hxg6 Ra1 33. Rxa1 Qxa1+ 34.
Kh2 Qf6 35. Nd6 Kh8 36. Ne8 1-0

[Event "7th Sharjah Masters 2024"]
[Site "Sharjah UAE"]
[Date "2024.05.14"]
[Round "1.44"]
[White "Royal, Shreyas"]
[Black "Jumabayev, Rinat"]
[Result "1-0"]
[WhiteTitle "IM"]
[BlackTitle "GM"]
[WhiteElo "2464"]
[BlackElo "2597"]
[WhiteFideId "448869"]
[BlackFideId "13702661"]
[EventDate "2024.05.14"]

1. d4 d5 2. c4 c6 3. Nf3 Nf6 4. e3 Bf5 5. Nc3 e6 6. Nh4 Be4 7. f3 Bg6 8. Bd2 Be7
9. Nxg6 hxg6 10. Qc2 Nbd7 11. O-O-O dxc4 12. Bxc4 a6 13. Kb1 b5 14. Be2 c5 15.
g4 cxd4 16. exd4 Nb6 17. g5 Nfd5 18. Nxd5 Qxd5 19. Qe4 Rc8 20. h4 Bd6 21. Bd3
Ke7 22. Qg4 Na4 23. Rc1 Bc5 24. b3 Ba3 25. Rxc8 Rxc8 26. bxa4 bxa4 27. Ka1 Rd8
28. Rd1 Qc6 29. Rb1 Kf8 30. Qe4 Qd6 31. Bc3 Rc8 32. Qe1 a5 33. Qd2 Kg8 34. Bb5
Qd5 35. Qd3 Bb4 36. Bxb4 axb4 37. Rxb4 Qd6 38. Rc4 Rd8 39. Bxa4 Qh2 40. Bb3 Qxh4
41. Qe3 1-0

[Event "7th Sharjah Masters 2024"]
[Site "Sharjah UAE"]
[Date "2024.05.15"]
[Round "2.1"]
[White "Theodorou, Nikolas"]
[Black "Erigaisi, Arjun"]
[Result "1-0"]
[WhiteTitle "GM"]
[BlackTitle "GM"]
[WhiteElo "2617"]
[BlackElo "2762"]
[WhiteFideId "4262875"]
[BlackFideId "35009192"]
[EventDate "2024.05.14"]

1. d4 Nf6 2. c4 e6 3. Nf3 d5 4. Nc3 c5 5. cxd5 Nxd5 6. e4 Nxc3 7. bxc3 cxd4 8.
cxd4 Bb4+ 9. Bd2 Bxd2+ 10. Qxd2 O-O 11. Bc4 Nd7 12. O-O b6 13. Rad1 Bb7 14. Rfe1
Nf6 15. Qf4 Rc8 16. Bb3 Qc7 17. Qh4 h6 18. h3 Rfd8 19. Re3 b5 20. d5 exd5 21. e5
Ne4 22. e6 fxe6 23. Nd4 Nc5 24. Rde1 a5 25. Nxe6 Nxe6 26. Rxe6 Rd7 27. Qg4 Rf8
28. Qg6 1-0

[Event "7th Sharjah Masters 2024"]
[Site "Sharjah UAE"]
[Date "2024.05.15"]
[Round "2.2"]
[White "Ivanchuk, Vasyl"]
[Black "Tabatabaei, M. Amin"]
[Result "0-1"]
[WhiteTitle "GM"]
[BlackTitle "GM"]
[WhiteElo "2609"]
[BlackElo "2707"]
[WhiteFideId "14100010"]
[BlackFideId "12521213"]
[EventDate "2024.05.14"]

1. d4 Nf6 2. c4 e6 3. Nf3 h6 4. a3 d5 5. e3 Nbd7 6. Nbd2 b6 7. cxd5 exd5 8. b4
Bd6 9. Bb2 a6 10. g3 c5 11. dxc5 bxc5 12. Qa4 O-O 13. Qc6 Qc7 14. Qxc7 Bxc7 15.
Bg2 cxb4 16. axb4 Bd6 17. b5 Nb6 18. Nd4 Bb4 19. Nc6 Bxd2+ 20. Kxd2 Nc4+ 21. Kc2
Nxb2 22. Kxb2 Bb7 23. Rhc1 axb5 24. Ne7+ Kh7 25. Rc7 Rxa1 26. Kxa1 Ba8 27. Bh3
g6 28. Kb2 Kg7 29. f3 Rd8 30. Kc1 b4 31. Rc8 Rxc8+ 32. Nxc8 Bb7 33. Na7 d4 34.
e4 g5 35. Bf5 g4 36. e5 gxf3 37. exf6+ Kxf6 38. Bd3 f2 39. Bf1 Ke5 40. Kd2 b3
41. Nb5 Ba6 42. Bd3 Bxb5 43. Bxb5 b2 44. Kc2 Ke4 45. Bf1 Ke3 46. g4 b1=Q+ 47.
Kxb1 Kd2 48. Bh3 Ke2 0-1

[Event "7th Sharjah Masters 2024"]
[Site "Sharjah UAE"]
[Date "2024.05.15"]
[Round "2.3"]
[White "Kuybokarov, Temur"]
[Black "Fedoseev, Vladimir3"]
[Result "0-1"]
[WhiteTitle "GM"]
[BlackTitle "GM"]
[WhiteElo "2602"]
[BlackElo "2702"]
[WhiteFideId "14203049"]
[BlackFideId "24130737"]
[EventDate "2024.05.14"]

1. e4 e5 2. Nf3 Nf6 3. Nxe5 d6 4. Nf3 Nxe4 5. d4 d5 6. Bd3 Bd6 7. O-O O-O 8. Re1
Re8 9. c4 Bg4 10. cxd5 Nf6 11. Nc3 Rxe1+ 12. Qxe1 Bxf3 13. gxf3 Nh5 14. Ne2 Qh4
15. Ng3 Nf6 16. Qe3 Nbd7 17. Qg5 Bxg3 18. hxg3 Qxd4 19. Qd2 Qxd5 20. Qc3 Re8 21.
Bd2 Ne5 22. Be2 c5 23. b3 Nc6 24. Bc4 Qf5 25. Kg2 Rd8 26. Re1 h6 27. Be3 b6 28.
Qc1 Ne5 29. Bf4 Nxc4 30. bxc4 Qd3 31. Be5 Nh7 32. Re3 Qd7 33. Qh1 Re8 34. Qh5
Nf8 35. Qg4 Qxg4 36. fxg4 Nd7 37. f4 Nxe5 38. fxe5 f6 39. Kf3 Rxe5 40. Rxe5 fxe5
41. Ke4 Kf7 42. Kxe5 Kg6 43. Kf4 Kf6 44. a4 g6 0-1

[Event "7th Sharjah Masters 2024"]
[Site "Sharjah UAE"]
[Date "2024.05.15"]
[Round "2.4"]
[White "Niemann, Hans Moke"]
[Black "Vakhidov, Jakhongir"]
[Result "1-0"]
[WhiteTitle "GM"]
[BlackTitle "GM"]
[WhiteElo "2689"]
[BlackElo "2599"]
[WhiteFideId "2093596"]
[BlackFideId "14201801"]
[EventDate "2024.05.14"]

1. e4 e5 2. Nf3 Nc6 3. Bb5 a6 4. Ba4 d6 5. c3 f5 6. exf5 Bxf5 7. O-O Bd3 8. Re1
Be7 9. Qb3 b5 10. Qd5 Bf5 11. Bb3 Kd7 12. Nd4 Nxd4 13. cxd4 Nf6 14. Qf3 Bg4 15.
Qg3 exd4 16. h3 Bf5 17. Qf3 g6 18. d3 h5 19. Bg5 c6 20. Nd2 Qf8 21. a4 Qg7 22.
Rec1 d5 23. Qf4 c5 24. Nf3 Bd6 25. Ne5+ Kc7 26. Rxc5+ Bxc5 27. Rc1 Kb6 28. Bxf6
Qh6 29. Nd7+ Bxd7 30. a5+ Kxa5 31. Qc7+ Bb6 32. Ra1+ Kb4 33. Qxb6 Kxb3 34. Qxd4
Rhc8 35. Qxd5+ Kc2 36. b4 Kd2 37. Bg5+ 1-0